Statistics for Countries Visiting Iceland the Most

Click here to take the quiz!

General Stats

  • This quiz has been taken 751 times
  • The average score is 9 of 10

Answer Stats

No.visitors in 2018Source Country% Correct
694,814United States
99%
297,963United Kingdom
98%
139,155Germany
93%
49,316Sweden
92%
99,715Canada
91%
97,224France
91%
51,019Denmark
90%
65,589Spain
86%
89,495China
77%
91,463Poland
60%

Score Distribution

Percentile by Number Answered

Percent of People with Each Score

Your Score History

You have not taken this quiz